000 01291nam a22003737a 4500
001 0024035
003 KOHA_MİRAKIL
005 20260207002428.0
007 ta
008 101109b2010 tu |||gr||||#||||0|tur |
020 _a9789754421576
040 _aTR-BiSEU
_btur
_cTR-BiSEU
_erda
041 0 _atur
044 _ctu
050 _aDS51.E79
_bO43 2010
100 1 _aOkcu, Naci..
245 1 _aSalname-i vilayet-i Erzurum (1287/1870-1288/1871-1289/1872-1290/1873) :
_bErzurum il yıllığı/
_cNaci. Okcu ; Naci Okcu, Hasan Akdağ.
264 1 _aErzurum :
_bAtatürk Üniversitesi
_c2010
300 _a461 sayfa: tablo; 25 cm.
336 _ametin
_btxt
_2rdacontent
337 _aaracısız
_bn
_2rdamedia
338 _acilt
_bnc
_2rdacarrier
490 1 _aAtatürk Üniversitesi Yayınları ;
_vNo.
490 1 _a984.
490 1 _aİlahiyat Fakültesi Yayınları ;
_vNo 13.
490 1 _aAraştırma Serisi ;
_vNo 10.
650 0 _aErzurum İli (Turkey)--History.
_949301
650 0 _aErzurum İli (Turkey)--History--19th century.
_949302
830 1 _aAtatürk Üniversitesi Yayınları ;
_vNo.
_928654
830 1 _a984.
_949307
830 1 _aİlahiyat Fakültesi Yayınları ;
_vNo 13.
_917246
830 1 _aAraştırma Serisi ;
_vNo 10.
_949308
942 _2lcc
_cBK
999 _c23988
_d23988